Guess the Song - 90's - Statistics

General Stats
  • This quiz has been taken 168 times
  • The average score is 92 of 244
Answer Stats
Answer % Correct
I
97%
a
94%
the
93%
you
83%
You
83%
he
74%
love
73%
me
72%
be
68%
do
68%
to
68%
when
66%
who
65%
And
63%
and
63%
go
63%
my
63%
on
63%
on,
63%
it
62%
So
61%
what
59%
in
58%
your
57%
is
54%
of
53%
can
52%
they
52%
there
51%
not
50%
that
47%
then
46%
for
45%
will
45%
get
42%
have
42%
up
41%
All
40%
all
40%
want,
40%
I'm
39%
down
38%
day,
37%
with
37%
if
35%
their
35%
too,
35%
by
34%
as
32%
got
32%
It's
32%
it's
32%
some
31%
heart
30%
know
30%
(Know
30%
life
30%
always
29%
take
27%
nothing
25%
should
24%
think
23%
hand
22%
Hand
22%
mean?)
19%
people
19%
about
17%
bit
17%
put
15%
many
14%
morning
14%
rest
14%
happy
12%
house
10%
tea
10%
through
10%
cup
8%
known
8%
Who's
7%
Blur
6%
gets
6%
gives
6%
Parklife
6%
(Parklife)
6%
parklife
6%
'round
6%
sometimes
6%
Confidence
4%
cut
4%
dustmen
4%
except
4%
mate,
4%
rudely
4%
sense
4%
Wednesdays
4%
avoided
3%
dirty
3%
feed
3%
pigeons,
3%
pork
3%
preference
3%
safe
3%
Vorsprung
3%
brewer's
2%
droop,
2%
durch
2%
habitual
2%
intimidated
2%
John's
2%
leaving
2%
marching?
2%
soup
2%
sparrows
2%
straight
2%
Technik,
2%
trousers
2%
voyeur
2%
awakened
1%
devoted
1%
enormous
1%
gut
1%
joggers
1%
knowledge
1%
lord
1%
route
1%
wellbeing
1%
excercise
0%
No matching quizzes found
Score Distribution
Percent of People with Each Score
Percentile by Number Answered
Your Score History
You have not taken this quiz